Fundamentals of Modern VLSI Devices / (Record no. 12891)
[ view plain ]
| 000 -LEADER | |
|---|---|
| fixed length control field | 01760pam a2200349 a 4500 |
| 001 - CONTROL NUMBER | |
| control field | 4979290 |
| 005 - DATE AND TIME OF LATEST TRANSACTION | |
| control field | 20020902120229.0 |
| 008 - FIXED-LENGTH DATA ELEMENTS--GENERAL INFORMATION | |
| fixed length control field | 980310s1998 nyua b 001 0 eng |
| 010 ## - LIBRARY OF CONGRESS CONTROL NUMBER | |
| LC control number | 98016162 |
| 020 ## - INTERNATIONAL STANDARD BOOK NUMBER | |
| International Standard Book Number | 0521550564 |
| 020 ## - INTERNATIONAL STANDARD BOOK NUMBER | |
| International Standard Book Number | 0521559596 (pbk.) |
| 020 ## - INTERNATIONAL STANDARD BOOK NUMBER | |
| International Standard Book Number | 9780521550567 |
| 040 ## - CATALOGING SOURCE | |
| Original cataloging agency | DLC |
| Transcribing agency | DLC |
| Modifying agency | DLC |
| 050 00 - LIBRARY OF CONGRESS CALL NUMBER | |
| Classification number | TK7871.99.M44 |
| Item number | T38 1998 |
| 082 00 - DEWEY DECIMAL CLASSIFICATION NUMBER | |
| Classification number | 621.395 |
| Edition number | 21 |
| Item number | TAU |
| 100 1# - MAIN ENTRY--PERSONAL NAME | |
| Personal name | Taur, Yuan, |
| Dates associated with a name | 1946- |
| 9 (RLIN) | 9288 |
| 245 10 - TITLE STATEMENT | |
| Title | Fundamentals of Modern VLSI Devices / |
| Statement of responsibility, etc | Yuan Taur, Tak H. Ning. |
| 260 ## - PUBLICATION, DISTRIBUTION, ETC. (IMPRINT) | |
| Place of publication, distribution, etc | Cambrige, UK : |
| Name of publisher, distributor, etc | Cambridge University Press, |
| Date of publication, distribution, etc | c1998. |
| 300 ## - PHYSICAL DESCRIPTION | |
| Extent | xxii, 469 p. : |
| Other physical details | ill. ; |
| Dimensions | 26 cm. |
| 504 ## - BIBLIOGRAPHY, ETC. NOTE | |
| Bibliography, etc | Includes bibliographical references and index. |
| 650 #0 - SUBJECT ADDED ENTRY--TOPICAL TERM | |
| Topical term or geographic name as entry element | Metal oxide semiconductors, Complementary. |
| 9 (RLIN) | 9289 |
| 650 #0 - SUBJECT ADDED ENTRY--TOPICAL TERM | |
| Topical term or geographic name as entry element | Bipolar transistors. |
| 9 (RLIN) | 9290 |
| 650 #0 - SUBJECT ADDED ENTRY--TOPICAL TERM | |
| Topical term or geographic name as entry element | Integrated circuits |
| General subdivision | Very large scale integration. |
| 9 (RLIN) | 9291 |
| 700 1# - ADDED ENTRY--PERSONAL NAME | |
| Personal name | Ning, Tak H., |
| Dates associated with a name | 1943- |
| 9 (RLIN) | 9292 |
| 856 41 - ELECTRONIC LOCATION AND ACCESS | |
| Materials specified | Table of contents |
| Uniform Resource Identifier | <a href="http://www.loc.gov/catdir/toc/cam024/98016162.html">http://www.loc.gov/catdir/toc/cam024/98016162.html</a> |
| 856 42 - ELECTRONIC LOCATION AND ACCESS | |
| Materials specified | Publisher description |
| Uniform Resource Identifier | <a href="http://www.loc.gov/catdir/description/cam029/98016162.html">http://www.loc.gov/catdir/description/cam029/98016162.html</a> |
| 942 ## - ADDED ENTRY ELEMENTS (KOHA) | |
| Source of classification or shelving scheme | Dewey Decimal Classification |
| Item type | Book - Borrowing |
| Withdrawn status | Item status | Source of classification or shelving scheme | Damaged status | Not for loan | Vendor | Home library | Current library | Shelving location | Date acquired | Source of acquisition | Total Checkouts | Total Renewals | Full call number | Barcode | Date last seen | Date last borrowed | Koha item type |
|---|---|---|---|---|---|---|---|---|---|---|---|---|---|---|---|---|---|
| Dewey Decimal Classification | Baccah | Central Library | Central Library | First floor | 11/11/2009 | 2 | 5 | 621.395 TAU | 000018768 | 15/07/2025 | 14/09/2010 | Book - Borrowing | |||||
| Dewey Decimal Classification | Baccah | Central Library | Central Library | First floor | 11/11/2009 | 2 | 4 | 621.395 TAU | 000018769 | 15/07/2025 | 29/10/2015 | Book - Borrowing | |||||
| Dewey Decimal Classification | Baccah | Central Library | Central Library | First floor | 11/11/2009 | 1 | 621.395 TAU | 000018770 | 15/07/2025 | 07/10/2013 | NB - Book (Non borrowing) |